00767nam a2200217 i 4500001000700000003000900007005001700016007000300033008004100036100003800077245008600115250002300201260003200224300002200256490002700278700003200305830003500337852003200372999001900404952012600423145967ES-MaACL20240529062945.0t|071018s1962 sp ||||1| spa d1 aVega, Lope de,d1562-1635911356313aLa dama boba / cLope de Vega ; edición, estudio y notas por Francisco Tolsada. a4ª ed. ilustrada. aZaragoza : bEbro, c[1962] a144 p. ; c17 cm.1 aClásicos Ebro ; v611 aTolsada, Francisco.91104880 aClásicos Ebro ; v619185118 aES-MaACLjC-22111 bR.50601 c145967d145967 00104070aATENEOMbATENEOMcGaleríad2008-01-17eSCl0oC-22111p1152358r2023-02-23 00:00:00w2023-02-23yMONOGRAFIA